| 000 | 01224nam#a2200301 4500 | ||
|---|---|---|---|
| 001 | 114037 | ||
| 003 | DR-UNIBE | ||
| 005 | 20250807153330.0 | ||
| 008 | 250807s2023 xxu s 0 eng d | ||
| 020 | _a9781433842900 | ||
| 040 |
_aBIBLIOTECA UNIBE _cBIBLIOTECA UNIBE _erda |
||
| 041 | _aeng | ||
| 082 | _a616.89 L657d 2025 | ||
| 245 | 1 | 3 |
_aDeliberate practice in accelerated experiential dynamic psychotherapy / _cNatasha C. N. Prenin [y otros tres] |
| 260 |
_aWashington, DC : _bAmerican Psychological Association, _c2025 |
||
| 300 |
_axi, 246 páginas : _bilustraciones |
||
| 490 | _aEssentials of deliberate practice series | ||
| 500 | _aLa biblioteca posee la versión electrónica | ||
| 505 | _aPART I. OVERVIEW AND INSTRUCTIONS | PART II. DELIBERATE PRACTICE EXERCISES FOR PSYCHODYNAMIC THERAPY SKILLS | PART III. STRATEGIES FOR ENHANCING THE DELIBERATE PRACTICE EXERCISES | | ||
| 650 | 7 |
_aPsicoterapia _2lemb |
|
| 650 | 7 |
_aPsicología _2lemb |
|
| 653 | 0 | 0 | _aFormación de psicoterapeutas |
| 700 |
_aPrenn, Natasha C. N. _eautor _9198269 |
||
| 700 |
_aLevenson, Hanna _9198084 _eautor |
||
| 700 |
_aVaz, Alexandre _eautor _9198270 |
||
| 700 |
_aRousmaniere, Tony _eautor _9198271 |
||
| 942 |
_2ddc _cBK |
||
| 999 |
_c114037 _d114037 |
||